000 01542nam a22004937a 4500
008 100218b1998 tu |||gr||||#0|||0|tur |
040 _aTR-BiSEU
_btur
_cTR-BiSEU
_erda
001 0013639
003 KOHA_MİRAKIL
005 20260207001926.0
007 ta
020 _a9753150008
041 0 _atur
044 _ctu
050 _aBP170.3
_b.G85 1998
100 1 _aGülen, M. Fethullah.
245 1 _aİrşad ekseni/
_cM. Fethullah Gülen ; M. Fethullah Gülen.
264 1 _aİstanbul :
_bZaman Gazetesi
_c1998
300 _a230 sayfa; 20 cm.
336 _ametin
_btxt
_2rdacontent
337 _aaracısız
_bn
_2rdamedia
338 _acilt
_bnc
_2rdacarrier
490 1 _aZaman Gazetesi Yayın no ;
_v114.
650 0 _aİslam Tasavvufu.
_932088
650 0 _aSiyasal bilimler (Siyaset bilimi).
_92302
650 0 _aToplum bilimleri.
_92301
650 0 _aDawah (Islam).
_932089
650 0 _aİslam Dini.
_924696
650 0 _aİslam ahlâk ve adâbı.
_932090
650 0 _aİslam--Davet (Tebliğ).
_932091
650 0 _aDil.
_91577
650 0 _aAlmanca.
_932092
650 0 _aIslam--Relations.
_932093
650 0 _aSözlükler.
_91707
650 0 _aDin.
_923404
650 0 _aİslam Ahlâk ve Adâbı.
_932094
650 0 _aÖğütler, Sohbetler, Mektup ve Vasiyetler.
_932095
650 0 _aIslam--Missions.
_932096
650 0 _aİslam--İlişkiler.
_932097
650 0 _aYönetim ve devlet sistemleri.
_932098
830 1 _aZaman Gazetesi Yayın no ;
_v114.
_932099
907 _aDin
942 _2lcc
_cBK
999 _c13603
_d13603